00666cam a2200241 a 45000010009000000050017000090080041000260100017000670150019000840160018001030200022001210200025001430350024001680400040001920410008002320420014002400800019002540820023002731000007002961010008003032450047003115040066003581552498020180222034547.0081117s2008 si a b 001 0 eng d a 2008300327 aGBA8994872bnb7 a0146924302Uk a0470823666 (pbk.) a9780470823668 (pbk.) a(OCoLC)ocn243822251 aUKMcUKMdBWXdOCLCQdIXAdBWKdDLC aeng alccopycat a796.0698 joh04a796.0698 joh2221 a60 amar14aThe Olympic Games effect :cJohn A. Davis. aIncludes bibliographical references (p. [321]-337) and index.